MARC

LEADER 00000nam0a2200000 4500
001 309302
005 20231102002158.0
035 |a (RuTPU)RU\TPU\book\334624 
090 |a 309302 
100 |a 20151112d1979 m y0rusy5003 ca 
101 0 |a rus 
102 |a RU 
105 |a c z 001zy 
200 1 |a О воспитании  |f В. А. Сухомлинский  |g сост. и авт. вступит. очерков С. Соловейчик 
205 |a 3-е изд. 
210 |a Москва  |c Политиздат  |d 1979 
215 |a 270 с.  |c портр. 
320 |a Библиогр.: с. 267-268 
606 1 |a Воспитание, теория  |2 stltpush  |3 (RuTPU)RU\TPU\subj\68634  |9 83830 
610 1 |a педагогика 
610 1 |a коммунистическое воспитание 
610 1 |a учебно-воспитательная работа в школе 
610 1 |a трудовое воспитание 
610 1 |a эстетическое воспитание 
610 1 |a коллективизм 
610 1 |a убеждение 
610 1 |a нравственное воспитание 
686 |a Ч421.3  |2 rubbk 
700 1 |a Сухомлинский  |b В. А.  |c российский педагог  |c учитель русского и украинского языка и литературы  |f 1918-1970  |g Василий Александрович  |2 stltpush  |3 (RuTPU)RU\TPU\pers\15869  |9 5534 
702 1 |a Соловейчик  |b С.  |4 220 
801 0 |a RU  |b RuMRKP  |c 19950704  |g psbo 
801 1 |a RU  |b 63413507  |c 20151112 
801 2 |a RU  |b 63413507  |c 20230406  |g RCR 
942 |c BK